000 01269nam a2200349 i 4500
001 25719
003 ES-MaACL
007 t|
008 030102m19231930fr ||||1| fre d
100 1 _aAristófanes.
_922859
245 1 0 _aAristophane /
_cAristófanes ; texte établi par Victor Coulon et traduit par Hilarie Van Daele.
260 _aParís :
_bSocieté d'Education "Les Belles Lettres",
_c1923-1930 (
_fVaugirard)
300 _a5 v. ;
_c20 cm.
490 1 _aCollection des Universités de France
505 8 _aContiene: T. I: Les Acharniens. Les cavaliers. Les nuées. -- T. II: Les Gûepes. La paix. -- T. III: Les oiseaux. Lysistrata. -- T. IV: Les Thesmophories. Les Grenouilles. -- T. V: L'Assamblées des femmes. Plouto.
700 1 _aCoulon, Victor.
_941242
700 1 _aDaele, Hilarie van.
_942423
740 4 _aLes Acharniens.
740 4 _aLes cavaliers.
740 4 _aLes nuées.
740 4 _aLes Gûepes.
740 3 _aLa paix.
740 4 _aLes oiseaux.
740 0 _aLysistrata.
740 4 _aLes Thesmophories.
740 4 _aLes Grenouilles.
740 3 _aL' Assamblées des femmes.
740 0 _aPlouto.
830 0 _aCollection des Universités de France
_9180876
852 _aES-MaACL
_jC-6844-48
999 _c25719
_d25719